Estadísticas para Países que son estados federales

Haz click aquí para intentar la prueba.

Estadísticas generales

  • Esta prueba ha sido intentada 47 veces
  • La puntuación promedio es 8 de 10

Estadísticas de respuestas

HintRespuesta% Correcto
2Estados Unidos
98%
4Brasil
88%
1Canadá
86%
6Alemania
84%
3Mexico
81%
9Australia
77%
5España
77%
8Rusia
77%
7Reino Unido
72%
10Suiza
51%

Distribución de puntuación

Porcentaje por número respondido

Porcentaje de gente con cada puntuación

Historial de tus puntuaciones

No has intentado esta prueba.